Statistics for Countries' Names Derived From People's Names

Click here to take the quiz!

General Stats

  • This quiz has been taken 40 times
  • The average score is 10 of 10

Answer Stats

Derived NameCountry% Correct
Simon BolivarBolivia
100%
Captain John Charles MarshallMarshall Islands
100%
King Philip II (Spain)Philippines
100%
Muhammad bin SaudSaudi Arabia
100%
ColumbusColombia
97%
Saint Domingo de GuzmánDominican Republic
97%
NicaraoNicaragua
97%
Jean Moreau de SechellesSeychelles
97%
Amerigo VespucciUnited States
86%
Mussa MbikiMozambique
76%

Score Distribution

Percentile by Number Answered

Percent of People with Each Score

Your Score History

You have not taken this quiz